ბათუმის შოთა რუსთაველის სახელმწიფო უნივერსიტეტის ბიბლიოთეკა

გადაიხადე ბაღჩაში (ბიბ.ჩანაწერი № 50571)

000 -LEADER
fixed length control field 00786nam a2200241Ia 4500
001 - CONTROL NUMBER
control field 17521
003 - CONTROL NUMBER IDENTIFIER
control field GE_BSU
008 - FIXED-LENGTH DATA ELEMENTS--GENERAL INFORMATION
fixed length control field 181216s||||||||xx |||||||||||||| ||und||
040 ## - CATALOGING SOURCE
Transcribing agency GE_BSU
080 ## - UNIVERSAL DECIMAL CLASSIFICATION NUMBER
Universal Decimal Classification number 82-93:821.353.1-1
100 ## - MAIN ENTRY--PERSONAL NAME
Personal name იმედაძე,გრიგოლ
245 ## - TITLE STATEMENT
Title გადაიხადე ბაღჩაში
245 ## - TITLE STATEMENT
Remainder of title საბავშვო ლექსები
245 ## - TITLE STATEMENT
Statement of responsibility, etc. რედ.:ი.ნინოშვილი;მხატვ.: გ.ფოცხიშვილი
260 ## - PUBLICATION, DISTRIBUTION, ETC.
Place of publication, distribution, etc. თბილისი
260 ## - PUBLICATION, DISTRIBUTION, ETC.
Name of publisher, distributor, etc. საბლიტგამი
260 ## - PUBLICATION, DISTRIBUTION, ETC.
Date of publication, distribution, etc. 1953
300 ## - PHYSICAL DESCRIPTION
Extent 148გვ.;23სმ
300 ## - PHYSICAL DESCRIPTION
Accompanying material ილ.
653 ## - INDEX TERM--UNCONTROLLED
Uncontrolled term ლექსები
653 ## - INDEX TERM--UNCONTROLLED
Uncontrolled term საბავშვო ლექსები
942 ## - ADDED ENTRY ELEMENTS (KOHA)
Koha item type წიგნი
ეგზემპლარები
Withdrawn status Lost status Damaged status Not for loan Date acquired Barcode Date last seen Price effective from Koha item type Public note
        2018-12-17 41345 2018-12-17 2018-12-17 წიგნი აგრარული ტექ.ფაკ.